[Event "WchT Seniors 65"]
[Site "Radebeul"]
[Date "2016.07.04"]
[Round "9.9"]
[White "Lehmann, Karl Heinz"]
[Black "Frick, Christoph"]
[Result "1/2-1/2"]
[WhiteElo "2108"]
[BlackElo "2243"]
[PlyCount "36"]
[EventDate "2016.06.26"]
[EventType "team-swiss"]
[EventRounds "9"]
[EventCountry "GER"]
[SourceTitle "CBM 173 Extra"]
[Source "ChessBase"]
[SourceDate "2016.08.29"]
[SourceVersion "1"]
[SourceVersionDate "2016.08.29"]
[SourceQuality "1"]
[WhiteTeam "Stiftung BSW/DBAG"]
[BlackTeam "Eck Gunners"]
[WhiteTeamCountry "GER"]
[BlackTeamCountry "GER"]

1. d4 d5 2. c4 c6 3. cxd5 cxd5 4. Nc3 Nf6 5. Bf4 Nc6 6. e3 Bf5 7. Nf3 e6 8. Bd3 Bxd3 9. Qxd3 Bd6 10. Bxd6 Qxd6 11. 0-0 0-0 12. Rfc1 Rac8 13. h3 a6 14. a3 Na5 15. Ne2 Nc4 16. Rc2 Rc6 17. Rac1 Rfc8 18. Ne5 Nxe5 1/2-1/2

[Event "WchT Seniors 65"]
[Site "Radebeul"]
[Date "2016.07.03"]
[Round "8.5"]
[White "Renman, Nils Gustaf"]
[Black "Lehmann, Karl Heinz"]
[Result "1-0"]
[WhiteElo "2352"]
[BlackElo "2108"]
[PlyCount "41"]
[EventDate "2016.06.26"]
[EventType "team-swiss"]
[EventRounds "9"]
[EventCountry "GER"]
[SourceTitle "CBM 173 Extra"]
[Source "ChessBase"]
[SourceDate "2016.08.29"]
[SourceVersion "1"]
[SourceVersionDate "2016.08.29"]
[SourceQuality "1"]
[WhiteTeam "Sweden"]
[BlackTeam "Stiftung BSW/DBAG"]
[WhiteTeamCountry "SWE"]
[BlackTeamCountry "GER"]

1. d4 Nf6 2. Nf3 e6 3. c4 b6 4. g3 Ba6 5. Qc2 d5 6. cxd5 exd5 7. Bg2 Bb4+ 8. Nc3 0-0 9. 0-0 c6 10. Bg5 h6 11. Bxf6 Qxf6 12. Rfe1 Nd7 13. e4 dxe4 14. Nxe4 Qd8 15. Red1 Bb7 16. Ne5 Qc7 17. Qb3 Be7 18. Ng6 Rfe8 19. Rac1 Nf6 20. Ne5 Bd6 21. Nxd6 1-0

[Event "WchT Seniors 65"]
[Site "Radebeul"]
[Date "2016.06.30"]
[Round "5.1"]
[White "Lehmann, Karl Heinz"]
[Black "Haase, Wolfgang"]
[Result "1/2-1/2"]
[WhiteElo "2108"]
[BlackElo "2144"]
[PlyCount "21"]
[EventDate "2016.06.26"]
[EventType "team-swiss"]
[EventRounds "9"]
[EventCountry "GER"]
[SourceTitle "CBM 173 Extra"]
[Source "ChessBase"]
[SourceDate "2016.08.29"]
[SourceVersion "1"]
[SourceVersionDate "2016.08.29"]
[SourceQuality "1"]
[WhiteTeam "Stiftung BSW/DBAG"]
[BlackTeam "Hessen II"]
[WhiteTeamCountry "GER"]
[BlackTeamCountry "GER"]

1. d4 g6 2. g3 Bg7 3. Bg2 f5 4. c4 d6 5. Nf3 Nh6 6. 0-0 Nf7 7. Nc3 c6 8. Qd3 0-0 9. d5 e5 10. dxe6 Bxe6 11. b3 1/2-1/2

[Event "WchT Seniors 65"]
[Site "Radebeul"]
[Date "2016.06.29"]
[Round "4.1"]
[White "Romcovici, Victor"]
[Black "Lehmann, Karl Heinz"]
[Result "1-0"]
[WhiteElo "2122"]
[BlackElo "2108"]
[PlyCount "65"]
[EventDate "2016.06.26"]
[EventType "team-swiss"]
[EventRounds "9"]
[EventCountry "GER"]
[SourceTitle "CBM 173 Extra"]
[Source "ChessBase"]
[SourceDate "2016.08.29"]
[SourceVersion "1"]
[SourceVersionDate "2016.08.29"]
[SourceQuality "1"]
[WhiteTeam "Moldova"]
[BlackTeam "Stiftung BSW/DBAG"]
[WhiteTeamCountry "MDA"]
[BlackTeamCountry "GER"]

1. d4 Nf6 2. Bg5 d5 3. Nc3 c6 4. Qd3 Nbd7 5. Nf3 e6 6. e4 dxe4 7. Nxe4 Qa5+ 8. Bd2 Bb4 9. Nd6+ Ke7 10. Nc4 Bxd2+ 11. Nfxd2 Qc7 12. g4 h6 13. Bg2 Rd8 14. h4 Nb6 15. g5 Ng8 16. Qa3+ Ke8 17. Nxb6 Qxb6 18. 0-0-0 Qc7 19. Ne4 b6 20. Kb1 Bb7 21. f4 Qe7 22. Qg3 f5 23. gxh6 Nxh6 24. Ng5 Rd6 25. c4 Rad8 26. Rhe1 Nf7 27. Nxe6 Rxe6 28. Rxe6 Qxe6 29. Re1 Qxe1+ 30. Qxe1+ Kf8 31. Qe3 Nd6 32. Qe5 Bc8 33. Bxc6 1-0

[Event "Leipzig VfB op 23rd"]
[Site "Leipzig"]
[Date "2016.03.17"]
[Round "5"]
[White "Zaerban, Jan Christopher"]
[Black "Lehmann, Karl Heinz"]
[Result "1/2-1/2"]
[WhiteElo "1895"]
[BlackElo "2104"]
[PlyCount "41"]
[EventDate "2016.03.15"]
[EventType "swiss"]
[EventRounds "9"]
[EventCountry "GER"]
[SourceTitle "EXT 2017"]
[Source "ChessBase"]
[SourceDate "2016.10.25"]
[SourceVersion "1"]
[SourceVersionDate "2016.10.25"]
[SourceQuality "1"]

1. Nf3 Nf6 2. c4 e6 3. Nc3 d5 4. d4 c6 5. cxd5 exd5 6. Bg5 Be7 7. Qc2 0-0 8. e3 Nbd7 9. Bd3 Re8 10. 0-0 Nf8 11. Rab1 g6 12. b4 Ne6 13. Bxf6 Bxf6 14. Rfc1 Ng7 15. b5 Bf5 16. bxc6 bxc6 17. Na4 Bxd3 18. Qxd3 Qa5 19. Qc2 Rec8 20. Nc5 Ne6 21. Qa4 1/2-1/2

[Event "EU-chT Seniors 15th"]
[Site "Dresden"]
[Date "2013.07.28"]
[Round "9"]
[White "Lehmann, Karl Heinz"]
[Black "Rooze, Jan"]
[Result "1/2-1/2"]
[WhiteElo "2114"]
[BlackElo "2386"]
[PlyCount "27"]
[EventDate "2013.07.20"]
[EventType "team-swiss"]
[EventRounds "9"]
[EventCountry "GER"]
[SourceTitle "CBM 155 Extra"]
[Source "ChessBase"]
[SourceDate "2013.08.26"]
[SourceVersion "1"]
[SourceVersionDate "2013.08.26"]
[SourceQuality "1"]
[WhiteTeam "Leipzig"]
[BlackTeam "Belgium"]
[WhiteTeamCountry "GER"]
[BlackTeamCountry "BEL"]

1. Nf3 Nf6 2. c4 c5 3. Nc3 b6 4. g3 Bb7 5. Bg2 g6 6. 0-0 Bg7 7. d4 cxd4 8. Nxd4 Bxg2 9. Kxg2 Qc7 10. Qd3 Na6 11. b3 0-0 12. Bb2 Qb7+ 13. Qf3 Qxf3+ 14. Kxf3 1/2-1/2

[Event "EU-chT Seniors 15th"]
[Site "Dresden"]
[Date "2013.07.25"]
[Round "6"]
[White "Uhlmann, Wolfgang"]
[Black "Lehmann, Karl Heinz"]
[Result "1-0"]
[WhiteElo "2340"]
[BlackElo "2114"]
[PlyCount "63"]
[EventDate "2013.07.20"]
[EventType "team-swiss"]
[EventRounds "9"]
[EventCountry "GER"]
[SourceTitle "CBM 155 Extra"]
[Source "ChessBase"]
[SourceDate "2013.08.26"]
[SourceVersion "1"]
[SourceVersionDate "2013.08.26"]
[SourceQuality "1"]
[WhiteTeam "Germany"]
[BlackTeam "Leipzig"]
[WhiteTeamCountry "GER"]
[BlackTeamCountry "GER"]

1. c4 e5 2. Nc3 Nf6 3. Nf3 Nc6 4. g3 d5 5. cxd5 Nxd5 6. Bg2 Nb6 7. a3 Be7 8. d3 Be6 9. 0-0 0-0 10. Be3 f6 11. Rc1 Nd4 12. Bxd4 exd4 13. Nb5 c5 14. b4 cxb4 15. Nc7 Qd7 16. Nxe6 Qxe6 17. Nxd4 Qd7 18. Qb3+ Kh8 19. Ne6 Rfc8 20. axb4 Bxb4 21. Qxb4 Qxe6 22. Bxb7 Rxc1 23. Rxc1 Rb8 24. Bf3 Qd7 25. Ra1 Re8 26. Ra5 g6 27. h4 Kg7 28. Qf4 Re7 29. Rc5 Qa4 30. d4 Qb4 31. h5 g5 32. h6+ 1-0

[Event "EU-chT Seniors 15th"]
[Site "Dresden"]
[Date "2013.07.22"]
[Round "3"]
[White "Lehmann, Karl Heinz"]
[Black "Sobeck, Guenter"]
[Result "1/2-1/2"]
[WhiteElo "2114"]
[BlackElo "2096"]
[PlyCount "31"]
[EventDate "2013.07.20"]
[EventType "team-swiss"]
[EventRounds "9"]
[EventCountry "GER"]
[SourceTitle "CBM 155 Extra"]
[Source "ChessBase"]
[SourceDate "2013.08.26"]
[SourceVersion "1"]
[SourceVersionDate "2013.08.26"]
[SourceQuality "1"]
[WhiteTeam "Leipzig"]
[BlackTeam "Chemnitz USG"]
[WhiteTeamCountry "GER"]
[BlackTeamCountry "GER"]

1. Nf3 Nf6 2. c4 e6 3. g3 b6 4. Bg2 Bb7 5. 0-0 c5 6. Nc3 Be7 7. d4 cxd4 8. Qxd4 d6 9. Rd1 a6 10. b3 Nbd7 11. Bg5 0-0 12. Rac1 h6 13. Bxf6 Nxf6 14. Nd2 Bxg2 15. Kxg2 Qc7 16. Nde4 1/2-1/2

[Event "Leipzig VfB op 20th"]
[Site "Leipzig"]
[Date "2013.03.09"]
[Round "9"]
[White "Lehmann, Karl Heinz"]
[Black "Ziese, Gerhard"]
[Result "1/2-1/2"]
[WhiteElo "2134"]
[BlackElo "1998"]
[PlyCount "35"]
[EventDate "2013.03.05"]
[EventType "swiss"]
[EventRounds "9"]
[EventCountry "GER"]
[SourceTitle "EXT 2014"]
[Source "ChessBase"]
[SourceDate "2013.11.20"]
[SourceVersion "1"]
[SourceVersionDate "2013.11.20"]
[SourceQuality "1"]

1. Nf3 Nf6 2. g3 g6 3. Bg2 c5 4. 0-0 Bg7 5. d4 cxd4 6. Nxd4 Nc6 7. c4 Nxd4 8. Qxd4 d6 9. Nc3 0-0 10. Qd3 a6 11. Be3 Bf5 12. Qd2 Rb8 13. Bd4 Be6 14. Nd5 Bxd5 15. cxd5 Nd7 16. Bxg7 Kxg7 17. Rac1 Qb6 18. Rc3 1/2-1/2

[Event "Leipzig VfB op 20th"]
[Site "Leipzig"]
[Date "2013.03.07"]
[Round "5"]
[White "Lehmann, Karl Heinz"]
[Black "Dunne, Paul"]
[Result "1-0"]
[WhiteElo "2134"]
[BlackElo "1914"]
[PlyCount "71"]
[EventDate "2013.03.05"]
[EventType "swiss"]
[EventRounds "9"]
[EventCountry "GER"]
[SourceTitle "EXT 2014"]
[Source "ChessBase"]
[SourceDate "2013.11.20"]
[SourceVersion "1"]
[SourceVersionDate "2013.11.20"]
[SourceQuality "1"]

1. d4 Nf6 2. g3 d6 3. Bg2 g6 4. b3 Bg7 5. Bb2 Nbd7 6. Nf3 0-0 7. 0-0 c6 8. c4 Ne4 9. Nfd2 Nxd2 10. Qxd2 Nf6 11. Nc3 Bd7 12. e4 Qc8 13. Rfe1 Bh3 14. Bh1 Ng4 15. f3 Bh6 16. Qd3 Nf6 17. Nd1 Bg7 18. Nf2 Bd7 19. Rad1 Nh5 20. f4 Nf6 21. Rd2 h5 22. d5 h4 23. e5 dxe5 24. fxe5 Nh5 25. e6 hxg3 26. hxg3 fxe6 27. dxc6 Bxc6 28. Bxc6 Qxc6 29. Qxg6 Rf5 30. g4 Rf6 31. Bxf6 Nxf6 32. g5 Nh7 33. Rxe6 Qf3 34. Rxe7 Qg3+ 35. Kf1 Qxg5 36. Rxg7+ 1-0

[Event "Leipzig VfB op 20th"]
[Site "Leipzig"]
[Date "2013.03.05"]
[Round "1"]
[White "Lehmann, Karl Heinz"]
[Black "Hofmann, Helge"]
[Result "1/2-1/2"]
[WhiteElo "2134"]
[BlackElo "1773"]
[PlyCount "57"]
[EventDate "2013.03.05"]
[EventType "swiss"]
[EventRounds "9"]
[EventCountry "GER"]
[SourceTitle "EXT 2014"]
[Source "ChessBase"]
[SourceDate "2013.11.20"]
[SourceVersion "1"]
[SourceVersionDate "2013.11.20"]
[SourceQuality "1"]

1. d4 d5 2. c4 e6 3. Nf3 Nf6 4. g3 dxc4 5. Bg2 Bb4+ 6. Bd2 Bxd2+ 7. Qxd2 Qe7 8. 0-0 0-0 9. Na3 Ne4 10. Qc1 Nd6 11. Nxc4 Nxc4 12. Qxc4 c6 13. b4 Nd7 14. a4 e5 15. e3 e4 16. Nd2 Nf6 17. a5 a6 18. Qc5 Re8 19. Rfc1 Bg4 20. h3 Be2 21. Qxe7 Rxe7 22. Bf1 Bxf1 23. Kxf1 Nd5 24. Rc4 f5 25. Nb1 Rd8 26. Nc3 Nxc3 27. Rxc3 Rd5 28. Rc5 Red7 29. Rac1 1/2-1/2

[Event "Leipzig VfB op 19th"]
[Site "Leipzig"]
[Date "2012.03.10"]
[Round "8"]
[White "Deutschbein, Christopher"]
[Black "Lehmann, Karl Heinz"]
[Result "1/2-1/2"]
[WhiteElo "2050"]
[BlackElo "2142"]
[PlyCount "40"]
[EventDate "2012.03.06"]
[EventType "swiss"]
[EventRounds "9"]
[EventCountry "GER"]
[SourceTitle "CBM 147 Extra"]
[Source "ChessBase"]
[SourceDate "2012.04.24"]
[SourceVersion "1"]
[SourceVersionDate "2012.04.24"]
[SourceQuality "1"]

1. e4 c5 2. Nc3 e6 3. f4 d6 4. Nf3 Nc6 5. Bc4 a6 6. a4 g6 7. 0-0 Bg7 8. d3 Nge7 9. Qe1 Nd4 10. Nxd4 Bxd4+ 11. Be3 Nc6 12. f5 Qg5 13. Bxd4 cxd4 14. Nd1 0-0 15. fxe6 Bxe6 16. Bxe6 fxe6 17. Nf2 Rf7 18. Nh3 Rxf1+ 19. Qxf1 Qe5 20. Qf4 Qxf4 1/2-1/2

[Event "Leipzig VfB op 19th"]
[Site "Leipzig"]
[Date "2012.03.08"]
[Round "4"]
[White "Zaerban, Jan Christopher"]
[Black "Lehmann, Karl Heinz"]
[Result "1/2-1/2"]
[WhiteElo "1957"]
[BlackElo "2142"]
[PlyCount "61"]
[EventDate "2012.03.06"]
[EventType "swiss"]
[EventRounds "9"]
[EventCountry "GER"]
[SourceTitle "CBM 147 Extra"]
[Source "ChessBase"]
[SourceDate "2012.04.24"]
[SourceVersion "1"]
[SourceVersionDate "2012.04.24"]
[SourceQuality "1"]

1. Nf3 d5 2. c4 c6 3. d4 a6 4. cxd5 cxd5 5. Nc3 Nf6 6. Bf4 Nc6 7. e3 Bf5 8. Ne5 Qb6 9. a3 e6 10. g4 Nxe5 11. gxf5 Nc6 12. fxe6 fxe6 13. Bh3 Kf7 14. 0-0 Qd8 15. Rc1 Bd6 16. Bxd6 Qxd6 17. Na4 Rhe8 18. Nc5 Re7 19. f4 g6 20. b4 Kg7 21. Rf2 Nd8 22. Rfc2 b6 23. Nd3 Raa7 24. Ne5 Rac7 25. Qd3 Rxc2 26. Qxc2 a5 27. Qc8 Ne8 28. Kf2 axb4 29. axb4 Rc7 30. Rxc7+ Nxc7 31. Bf1 1/2-1/2

[Event "GER-ch Seniors 23rd"]
[Site "Halle"]
[Date "2011.08.10"]
[Round "6"]
[White "Mertens, Gottfried"]
[Black "Lehmann, Karl Heinz"]
[Result "0-1"]
[WhiteElo "1980"]
[BlackElo "2148"]
[PlyCount "72"]
[EventDate "2011.08.05"]
[EventType "swiss"]
[EventRounds "9"]
[EventCountry "GER"]
[SourceTitle "CBM 144 Extra"]
[Source "ChessBase"]
[SourceDate "2011.10.28"]
[SourceVersion "1"]
[SourceVersionDate "2011.10.28"]
[SourceQuality "1"]

1. e3 d5 2. f4 Nf6 3. Nf3 g6 4. Be2 Bg7 5. d3 0-0 6. 0-0 c5 7. Qe1 Nc6 8. c3 Bg4 9. Nbd2 d4 10. cxd4 cxd4 11. e4 Nb4 12. Qd1 Rc8 13. Ne1 Bxe2 14. Qxe2 Nxa2 15. Rxa2 Rxc1 16. Rxa7 Qb6 17. Ra2 Qe6 18. b3 Nd5 19. Rc2 Ra1 20. Rf3 Rfa8 21. h3 Nc3 22. Qf2 Rd1 23. Rg3 Raa1 24. Ndf3 Qxb3 25. Kh2 Qb1 26. Rg5 b6 27. Rb2 Qc1 28. Rxb6 Qxf4+ 29. g3 Qc7 30. Rb2 Bh6 31. Rg4 Be3 32. Qc2 h5 33. Rh4 Rxe1 34. Nxe1 Rxe1 35. Qb3 Re2+ 36. Kh1 Qxg3 0-1

[Event "Leipzig VfB op 18th"]
[Site "Leipzig"]
[Date "2011.03.22"]
[Round "1"]
[White "Richter, Leonard"]
[Black "Lehmann, Karl Heinz"]
[Result "1/2-1/2"]
[WhiteElo "1826"]
[BlackElo "2163"]
[PlyCount "58"]
[EventDate "2011.03.20"]
[EventType "swiss"]
[EventRounds "9"]
[EventCountry "GER"]
[SourceTitle "CBM 141 Extra"]
[Source "ChessBase"]
[SourceDate "2011.05.03"]
[SourceVersion "1"]
[SourceVersionDate "2011.05.03"]
[SourceQuality "1"]

1. e4 c5 2. d4 cxd4 3. c3 g6 4. cxd4 d5 5. exd5 Nf6 6. Nc3 Nxd5 7. Nf3 Bg7 8. Bc4 Nb6 9. Bb3 0-0 10. 0-0 Bg4 11. Be3 Nc6 12. h3 Bxf3 13. Qxf3 Qd7 14. d5 Nd4 15. Bxd4 Bxd4 16. Rad1 Bg7 17. Rd2 Rac8 18. Ne4 Nc4 19. Bxc4 Rxc4 20. b3 Rc7 21. Rfd1 Rfc8 22. d6 Rc1 23. dxe7 Qxe7 24. Nd6 Rxd1+ 25. Qxd1 Rc6 26. Nc4 b5 27. Rd7 Qe6 28. Rd8+ Bf8 29. Ne3 Rd6 1/2-1/2

[Event "Leipzig VfB op 16th"]
[Site "Leipzig"]
[Date "2009.04.04"]
[Round "8"]
[White "Grosse, Marcus"]
[Black "Lehmann, Karl Heinz"]
[Result "1/2-1/2"]
[WhiteElo "1913"]
[BlackElo "2170"]
[PlyCount "23"]
[EventDate "2009.03.31"]
[EventType "swiss"]
[EventRounds "9"]
[EventCountry "GER"]
[SourceTitle "EXT 2010"]
[Source "ChessBase"]
[SourceDate "2010.11.25"]
[SourceVersion "1"]
[SourceVersionDate "2010.11.25"]
[SourceQuality "1"]

1. e4 c5 2. Nf3 e6 3. d4 cxd4 4. Nxd4 a6 5. Bd3 Bc5 6. Nb3 Be7 7. Nc3 d6 8. 0-0 Nf6 9. Qe2 Qc7 10. a4 b6 11. f4 Nc6 12. Be3 1/2-1/2

[Event "Leipzig VfB op 16th"]
[Site "Leipzig"]
[Date "2009.04.01"]
[Round "3"]
[White "Lehmann, Karl Heinz"]
[Black "Steiner, Albrecht"]
[Result "1-0"]
[WhiteElo "2170"]
[BlackElo "1635"]
[PlyCount "73"]
[EventDate "2009.03.31"]
[EventType "swiss"]
[EventRounds "9"]
[EventCountry "GER"]
[SourceTitle "EXT 2010"]
[Source "ChessBase"]
[SourceDate "2010.11.25"]
[SourceVersion "1"]
[SourceVersionDate "2010.11.25"]
[SourceQuality "1"]

1. d4 Nf6 2. g3 d5 3. Bg2 c6 4. Nf3 Nbd7 5. 0-0 Qb6 6. b3 e6 7. Bb2 Bd6 8. Nbd2 0-0 9. e3 Qc7 10. c4 b6 11. Rc1 Ba6 12. Re1 Rac8 13. e4 dxe4 14. Ng5 Bb4 15. a3 Bxd2 16. Qxd2 Rfd8 17. Nxe4 c5 18. d5 Nxe4 19. Rxe4 exd5 20. cxd5 f6 21. d6 Nf8 22. Rd1 Qb8 23. Qd5+ Kh8 24. Rf4 Rd7 25. Bh3 Bb7 26. Qd3 Rcd8 27. Bxd7 Rxd7 28. b4 Ng6 29. Rf5 Qe8 30. Qe3 Qf7 31. bxc5 bxc5 32. Rxc5 h6 33. Qd3 Kh7 34. h4 Qe6 35. h5 Qh3 36. hxg6+ Kh8 37. Qe4 1-0

[Event "Leipzig VfB op 15th"]
[Site "Leipzig"]
[Date "2008.03.01"]
[Round "8"]
[White "Spiess, Gunter"]
[Black "Lehmann, Karl Heinz"]
[Result "1-0"]
[WhiteElo "2377"]
[BlackElo "2175"]
[PlyCount "91"]
[EventDate "2008.02.26"]
[EventType "swiss"]
[EventRounds "9"]
[EventCountry "GER"]
[SourceTitle "CBM 123 Extra"]
[Source "ChessBase"]
[SourceDate "2008.05.06"]
[SourceVersion "1"]
[SourceVersionDate "2008.05.06"]
[SourceQuality "1"]

1. d4 Nf6 2. Nf3 e6 3. c4 Bb4+ 4. Bd2 Qe7 5. g3 Nc6 6. Nc3 Bxc3 7. Bxc3 Ne4 8. Rc1 d6 9. d5 Nxc3 10. Rxc3 Nd8 11. Bg2 0-0 12. Nd2 e5 13. c5 b6 14. cxd6 cxd6 15. 0-0 f5 16. Qb3 Nf7 17. Qa3 Bb7 18. Rfc1 Rfc8 19. e4 Rxc3 20. Rxc3 fxe4 21. Bxe4 g6 22. Nc4 Qd8 23. h4 Bc8 24. Bg2 Kg7 25. Kh2 Bf5 26. Ne3 Bd7 27. Qa6 Bc8 28. Qc4 Qe8 29. Qc7 Kf8 30. Bf1 Qd7 31. Qxd7 Bxd7 32. Rc7 Ke8 33. Bh3 Bxh3 34. Kxh3 h5 35. g4 hxg4+ 36. Kxg4 Kf8 37. h5 gxh5+ 38. Kxh5 Kg7 39. Kg4 Kf6 40. Kf3 Ng5+ 41. Ke2 Rh8 42. Nc4 Rh4 43. Nxd6 Rd4 44. Ne8+ Kf5 45. Ng7+ Ke4 46. Ne6 1-0

[Event "Leipzig VfB op 15th"]
[Site "Leipzig"]
[Date "2008.02.29"]
[Round "5"]
[White "Lehmann, Karl Heinz"]
[Black "Hillmann, Michael"]
[Result "1/2-1/2"]
[WhiteElo "2175"]
[BlackElo "2088"]
[PlyCount "20"]
[EventDate "2008.02.26"]
[EventType "swiss"]
[EventRounds "9"]
[EventCountry "GER"]
[SourceTitle "CBM 123 Extra"]
[Source "ChessBase"]
[SourceDate "2008.05.06"]
[SourceVersion "1"]
[SourceVersionDate "2008.05.06"]
[SourceQuality "1"]

1. d4 f5 2. g3 Nf6 3. Bg2 g6 4. c4 Bg7 5. Nc3 d6 6. Nf3 0-0 7. 0-0 Qe8 8. d5 a5 9. Nd4 Na6 10. b3 Bd7 1/2-1/2

[Event "Leipzig VfB op 14th"]
[Site "Leipzig"]
[Date "2007.03.24"]
[Round "7"]
[White "Lehmann, Karl Heinz"]
[Black "Hoffmann, Steffen"]
[Result "1/2-1/2"]
[WhiteElo "2192"]
[BlackElo "2057"]
[PlyCount "31"]
[EventDate "2007.03.20"]
[EventType "swiss"]
[EventRounds "9"]
[EventCountry "GER"]
[SourceTitle "EXT 2008"]
[Source "ChessBase"]
[SourceDate "2007.11.25"]
[SourceVersion "1"]
[SourceVersionDate "2007.11.25"]
[SourceQuality "1"]

1. c4 e6 2. d4 d5 3. Nc3 c5 4. e3 Nf6 5. Nf3 Nc6 6. a3 Ne4 7. Bd3 Nxc3 8. bxc3 Be7 9. 0-0 0-0 10. Bb2 Na5 11. Nd2 dxc4 12. Nxc4 Nxc4 13. Bxc4 Qc7 14. Qe2 Bd7 15. a4 Bc6 16. Bd3 1/2-1/2

[Event "Leipzig VfB op 13th"]
[Site "Leipzig"]
[Date "2006.03.16"]
[Round "5"]
[White "Lehmann, Karl Heinz"]
[Black "Hoffmann, Steffen"]
[Result "1/2-1/2"]
[WhiteElo "2204"]
[BlackElo "2053"]
[PlyCount "38"]
[EventDate "2006.03.14"]
[EventType "swiss"]
[EventRounds "9"]
[EventCountry "GER"]
[SourceTitle "EXT 2008"]
[Source "ChessBase"]
[SourceDate "2007.11.25"]
[SourceVersion "1"]
[SourceVersionDate "2007.11.25"]
[SourceQuality "1"]

1. d4 d5 2. Nf3 e6 3. c4 c5 4. e3 Nc6 5. Nc3 Nf6 6. a3 Ne4 7. Bd3 Nxc3 8. bxc3 dxc4 9. Bxc4 Be7 10. 0-0 0-0 11. Qe2 Qc7 12. Bb2 e5 13. Nxe5 Nxe5 14. dxe5 Qxe5 15. f4 Qc7 16. e4 b5 17. Bxb5 Rb8 18. Bc4 Be6 19. Rf2 Rxb2 1/2-1/2